00567cam a22001813a 450000100060000000300060000600500170001200800410002904000150007004200070008510000230009224501200011526000290023550600300026451600200029483000290031485600420034339509PGUSA20140828083858.0120422s2012||||xxu|||||s|||||000 | eng d aPGUSAbeng adc1 aWebb, James Morris14aThe Black Man, the Father of Civilization :bProven by Biblical Historyh[electronic resource] /cJames Morris Webb bProject Gutenberg,c2012 aPublic domain in the USA. aElectronic text 0aProject Gutenbergv3950940uhttp://www.gutenberg.org/ebooks/39509